00333nam a2200109 i 4500001000300000245004600003260001900049040000800068041000800076008004100084856009800125bg 0aTeorija i rasčet linejnych uskoritelej. aMoskva,c1962. cBPK apol s pl f |000 0 pol  uhttp://koha.tu.koszalin.pl/cgi-bin/koha/opac-detail.pl?biblionumber=12679yKatalog online BPK